Christian Countries - Statistics

General Stats
  • This quiz has been taken 3,464 times
    2,356 since last reset
  • The average score is 14 of 28
Answer Stats
Country % Correct
United States
98%
United Kingdom
93%
Brazil
90%
France
88%
Mexico
88%
Italy
86%
Russia
86%
Germany
85%
China
69%
Colombia
61%
Nigeria
60%
Venezuela
53%
Ukraine
52%
Vatican City
52%
Greece
49%
Philippines
49%
Ethiopia
45%
Democratic Republic of Congo
43%
Romania
39%
Ecuador
34%
Guatemala
32%
Malta
28%
Armenia
22%
Moldova
19%
East Timor
10%
Zambia
9%
Papua New Guinea
5%
Equatorial Guinea
3%
No matching quizzes found
Score Distribution
Percent of People with Each Score
Percentile by Number Answered
Your Score History
You have not taken this quiz since the last reset